000 00695nas a2200241 4500
001 BR2013006660
003 BR-BrBNA
005 20231205122815.0
007 ta
008 230509b bl.|||p| |||| 00| 00por d
040 _aBR-BrBNA
_bpor
_cBiblioteca Nacional de Agricultura
041 _a(Pt)
072 _aE71
100 1 _aBelik, W.
245 1 _aDesenvolvimento rural: redução da pobreza na China
650 _aCOMÉRCIO EXTERIOR
650 _aCRESCIMENTO ECONÔMICO
650 _aPOBREZA
650 _aREDUÇÃO
773 0 _tAgroanalysis (Brazil)
_xISSN 0100-4298
_g(May 2013), v. 33(5) p. 20
_wBR2013006660
909 _a202311
_bLúcia
_c55
_dLúcia Elande
942 _2AGRIS
_n0
_cANA
999 _c230670
_d230670